Statistiken für Star Wars Filme

Klicken Sie hier um das Quiz zu spielen!

Allgemein

  • Dieses Quiz wurde 2.019 mal gespielt
  • Das Durchschnittsergebnis liegt bei 6 aus 11

Antwortstatistiken

Episode% Korrekt
IIIDie Rache der Sith
77%
VDas Imperium schlägt zurück
76%
IVEine neue Hoffnung
75%
IIAngriff der Klonkrieger
70%
VIIDas Erwachen der Macht
63%
IDie dunkle Bedrohung
62%
VIDie Rückkehr der Jedi-Ritter
61%
VIIIDie letzten Jedi
45%
Spin-off IISolo: A Star Wars Story
35%
IXDer Aufstieg Skywalkers
33%
Spin-off IRogue One: A Star Wars Story
24%

Verteilung der Resultate

Perzentil nach korrekt beantworteten Fragen

Anzahl Personen mit jedem Resultat

Ihre Resultats-Entwicklung

Sie haben dieses Quiz noch nicht gespielt